000 00324nam a2200145Ia 4500
003 OSt
005 20240203121354.0
008 170523s9999 xx 000 0 und d
020 _a978-1259004742
040 _cIIMT UNIVERSITY
100 _aLEVY- MICHAEL
245 0 _aRETALING MANAGEMENT
260 _bIRWIN
942 _2ddc
_c02
999 _c274
_d274